| 000 | 01758nam a22002057a 4500 | ||
|---|---|---|---|
| 999 |
_c60060 _d60060 |
||
| 003 | Ge_BSU | ||
| 005 | 20230602124109.0 | ||
| 008 | 230602s1978 ge ||||| |||| 00| 0 geo d | ||
| 041 | _ageo | ||
| 080 | _a903.4(479.22) მ-92 | ||
| 100 |
_aმუსხელიშვილი, დავით _918428 |
||
| 245 |
_aხოვლეს ნამოსახლარის არქეოლოგიური მასალა / _cდავით მუსხელიშვილი; რედ. რ. აბრამიშვილი; საქ. სსრ მეცნ. აკადემია. საქართველოს არქეოლოგიური კომისია. ივ. ჯავახიშვილის სახ. ისტორიის, არქეოლოგიისა და ეთნოგრაფიის ინ-ტი. არქეოლოგიური კვლევ. ცენტრი. |
||
| 264 |
_aთბილისი : _bმეცნიერება, _c1978. |
||
| 300 |
_a108 გვ. : _b32 ფ. ილ. ; _c25 სმ. |
||
| 520 | _a რეზ. რუს ენ. | ||
| 653 | _aნამოსახლარები საქართველოში | ||
| 700 |
_aაბრამიშვილი, რ. _eრედაქტორი _918429 |
||
| 710 |
_aსაქ. სსრ მეცნ. აკადემია. საქართველოს არქეოლოგიური კომისია. _bივ. ჯავახიშვილის სახ. ისტორიის, არქეოლოგიისა და ეთნოგრაფიის ინ-ტი. არქეოლოგიური კვლევ. ცენტრი. _918430 |
||
| 942 |
_2udc _cBK |
||